Statistics for Chromosome quiz

Click here to take the quiz!

General Stats

  • This quiz has been taken 42 times
  • The average score is 4 of 14

Answer Stats

HintAnswer% Correct
The number of chromosomes humans normally have46
91%
The number of chromosomes gametes normally have23
77%
An extra chromosome on pair 21 may cause this conditionDowns Syndrome
64%
This pair of sets from each parent is called the{Diploid} number
23%
This individual set from one parent is called the{Haploid} number
23%
The full set and appearance of chromosomes is called aKaryotype
23%
The condition of having an XXY or XXXY set of chromosomes is calledKlinefelter Syndrome
14%
The condition of having just one X chromosome is calledTurner Syndrome
14%
An extra chromosome on pair 18 may cause this conditionEdward's Syndrome
9%
The protein molecules that condense chromatin into nucleosomesHistones
9%
The condition of having an irregular number of chromosomes is calledAneuploidy
5%
A microscopic photograph of someone's chromosomes is called aKaryogram
5%
More densely packed chromosome material is calledHeterochromatin
5%
Less densely packed chromosome material is calledEuchromatin
5%

Score Distribution

Percentile by Number Answered

Percent of People with Each Score

Your Score History

You have not taken this quiz